| 000 | 01676nam a2200289 a 4500 | ||
|---|---|---|---|
| 008 | 130516s2006 ||||||||||||||||| || u | ||
| 020 | _a9780323033992 | ||
| 050 | _aQR 181 Imm | ||
| 100 | _aRoth, David B | ||
| 245 | 1 | 0 |
_aImmunology. (7th ed.) _cedited by David Male (and others) |
| 250 | _a7th ed. | ||
| 260 |
_aPhiladelphia: _bElsevier _c2006 |
||
| 300 | _ax, 552p.: ill. | ||
| 650 | _aCLINICAL IMMUNOLOGY | ||
| 650 | 0 | _aIMMUNOLOGY | |
| 650 | 3 | _aIMMUNE SYSTEM | |
| 650 | 3 | _aIMMUNITY | |
| 700 | _aMale, David | ||
| 700 | _aBrostoff, Jonathan | ||
| 700 | _aRoitt, Ivan | ||
| 995 |
_aMEDICAL LIBRARY OPEN ACCESS _e901980 _FCBU-SCHOOL OF MEDICINE LIBRARY (Ndola) _jQR 181 Imm _M2 _UAVAILABLE _WMay 17, 2013 _y901980 _ZMedical Library Open Access Collection |
||
| 995 |
_aMICHAEL CHILUFYA SATA OPEN ACCESS _e902026 _FCBU-SCHOOL OF MEDICINE LIBRARY (Ndola) _jQR 181 Imm _M3 _UAVAILABLE _WMay 17, 2013 _y902026 _ZMedical Library Open Access Collection |
||
| 995 |
_aMEDICAL LIBRARY OPEN ACCESS _e902302 _FCBU-SCHOOL OF MEDICINE LIBRARY (Ndola) _jQR 181 Imm _M5 _UAVAILABLE _WAug 20, 2013 _y902302 _ZMedical Library Open Access Collection |
||
| 995 |
_aMICHAEL CHILUFYA SATA OPEN ACCESS _e902027 _FCBU-SCHOOL OF MEDICINE LIBRARY (Ndola) _jQR 181 Imm _M4 _UAVAILABLE _WMay 17, 2013 _y902027 _ZMedical Library Open Access Collection |
||
| 995 |
_aMEDICAL LIBRARY OPEN ACCESS _e902303 _FCBU-SCHOOL OF MEDICINE LIBRARY (Ndola) _jQR 181 Imm _M6 _UAVAILABLE _WAug 20, 2013 _y902303 _ZMedical Library Open Access Collection |
||
| 995 |
_aMICHAEL CHILUFYA SATA OPEN ACCESS _e901979 _FCBU-SCHOOL OF MEDICINE LIBRARY (Ndola) _jQR 181 Imm _M1 _UAVAILABLE _WMay 17, 2013 _y901979 _ZMedical Library Open Access Collection |
||
| 999 |
_c64108 _d64108 |
||